Debemos enfrentar la cuestión social centroamericana /
Bewaard in:
| Hoofdauteur: | |
|---|---|
| Formaat: | Texto |
| Tags: |
Voeg label toe
Geen labels, Wees de eerste die dit record labelt!
|
MARC
| LEADER | 00000 a a2200000 04500 | ||
|---|---|---|---|
| 001 | 47848 | ||
| 003 | |||
| 040 | |||
| 100 | |a Serrano Pinto, Germán | ||
| 245 | |a Debemos enfrentar la cuestión social centroamericana / |c Germán Serrano Pinto | ||
| 500 | |a Discurso dado al inaugurar la XVII reunión de Vicepresidentes de Centro América. San Antonio de Belén, Heredia, Costa Rica, 27 de mayo, 1991. | ||
| 773 | |g número22, (abril-setiembre, 1991), páginas93-96 | ||
| 999 | |c 29881 |d 29881 | ||
